Päťdesiatnik z Trenčína

Bibliographic Details
Main Author: Lehocká, Jana, 1810-1849 (Author)
Format: Article
Language:Slovak
PhysicalDescription:Fotogr.
ISSN:0862-8823
Subjects:

MARC

LEADER 00000nab a2200000 a 4500
001 vtls000699989
003 SK-MaSNL
005 20260305041609.0
008 180206c xo 0 slo
015 |a SNBRB1999/09-18904 
035 |a CLN000052156 
040 |a SNKBUCL  |b slo  |c SNKBUCL  |e AACR2 
041 0 |a slo 
044 |a xo  |c SK 
080 |a 793.31:784.4  |2 UDC-MRF-SK2 
080 |a 784.4  |2 UDC-MRF-SK2 
100 1 |a Lehocká, Jana,  |d 1810-1849  |4 aut  |9 164140 
245 1 0 |a Päťdesiatnik z Trenčína  |c Oľga Lehocká 
300 |b Fotogr. 
610 2 7 |a Trenčan (folklórny súbor)  |2 snkbucl  |9 33122 
651 7 |a Trenčín (Slovensko : okres)  |2 snkbucl  |9 75018 
655 7 |a články z novín a časopisov  |2 snkbucl  |9 267496 
773 0 |x 0862-8823  |t Slovenské národné noviny  |g Roč. 10 (14), č. 35 (1999), s. 6-7 
850 |a Slovenská národná knižnica v Martine 
852 |a SNK  |b KIS3GCP 
958 |a RBX 
999 |c 3344361  |d 3346291